000 00333nam a2200145Ia 4500
100 _aMachinery yellow back series
942 _cBK
654 _aLathe
245 _aCentre Lathe Practice Part 2 No. 12 A
260 _bMachinery Publication & co
_c2001
082 _a621.9
_bMAC
300 _a60
546 _aENGLISH
999 _c19334
_d19334